Economic enviorment of business. (Record no. 1139)

MARC details
000 -LEADER
fixed length control field 00496cam a2200193ua 4500
008 - FIXED-LENGTH DATA ELEMENTS--GENERAL INFORMATION
fixed length control field 110621n ii |||gr||||Z||||||eng
020 ## - INTERNATIONAL STANDARD BOOK NUMBER
International Standard Book Number 81-7014-688-7
040 ## - CATALOGING SOURCE
Transcribing agency MAIN
082 ## - DEWEY DECIMAL CLASSIFICATION NUMBER
Classification number 338.542
100 ## - MAIN ENTRY--PERSONAL NAME
Personal name Adhikary, M.,
245 10 - TITLE STATEMENT
Title Economic enviorment of business.
Statement of responsibility, etc. By M Adhikary.
250 ## - EDITION STATEMENT
Edition statement 8th.
260 ## - PUBLICATION, DISTRIBUTION, ETC.
Place of publication, distribution, etc. New:
Name of publisher, distributor, etc. Sultan chand & sons.,
Date of publication, distribution, etc. 2000.
300 ## - PHYSICAL DESCRIPTION
Extent xii, 717 p.:
Dimensions 20 cm.
942 ## - ADDED ENTRY ELEMENTS (KOHA)
Koha item type Books
653 ## - INDEX TERM--UNCONTROLLED
Uncontrolled term Economics.
653 ## - INDEX TERM--UNCONTROLLED
Uncontrolled term Economics enviorment of business.
Holdings
Withdrawn status Lost status Damaged status Not for loan Home library Current library Shelving location Date acquired Total Checkouts Full call number Barcode Date last seen Copy number Price effective from Koha item type
        Central Library, Naharkatiya College Central Library, Naharkatiya College General Stacks 19/09/2020   338.542 | ADH 2905 19/09/2020 2 19/09/2020 Books
        Central Library, Naharkatiya College Central Library, Naharkatiya College General Stacks 19/09/2020   338.542 | ADH 2912 19/09/2020 3 19/09/2020 Books
        Central Library, Naharkatiya College Central Library, Naharkatiya College General Stacks 19/09/2020   338.542 | ADH 3322 19/09/2020 1 19/09/2020 Books

Naharkatiya College © 2020. All rights reserved.

Powered By